01333nam a2200265 a 450000100100000000500170001000800410002702000150006804000250008308200210010810000450012924500530017426000340022730000210026150000270028265000270030965000310033691000370036795201340040495201340053895201340067295201190080695201250092599900170105000001732720240530073918.0100322s2002 dr 000 f spa d z9993432024 aDO-SdBNPbspacBNPHU aRD863.44bV443an1 aVeloz Maggiolo, Marcio,d1936-20219110414aLos ángeles de hueso /cMarcio Veloz Maggiolo. aSanto Domingo :bCole,c2002. a110 p. ;c21 cm. aInventariado, 2020 /LP 0aNovela dominicana9223 0aLiteratura dominicana.967 aValidado. Control de calidad MFF 001054708DSaGRbGRcHDd2010-03-22iLF1l0oRD863.44 V443anp17327-30r2020-06-25te. 3w2020-06-25yLFDSZPréstamo en sala 001054708DSaGRbGRcHDd2013-05-08iLF1l0oRD863.44 V443anp17327-40r2020-06-25te. 4w2020-06-25yLFDSZPréstamo en sala 001054708DSaGRbGRcHDd2013-05-08iLF1l0oRD863.44 V443anp17327-50r2020-06-25te. 5w2020-06-25yLFDSZPréstamo en sala 0010718PDaPDbPDcHDd2010-03-22iLF1l0oRD863.44 V443anp17327-10r2020-06-25w2020-06-25yLFPDZNo se presta 0010718PDaPDbPDcHDd2010-03-22iLF1l0oRD863.44 V443anp17327-20r2020-06-25te. 2w2020-06-25yLFPDZNo se presta c16852d16852